000 00313nam a22001217a 4500
999 _c15459
_d15459
020 _a9788172338107
082 _a634.9
_bRAJ/FO
100 _aRaj ,antony joseph.
_93168
245 _aForestry principles and applications /
260 _aJodhpur ;
_bScientific publishers ,
_c2013 .
300 _a786 p.
942 _cBK